00466nam a22001697a 450000500170000001000130001702000260003003500130005603700100006908200080007910000150008724500740010226000310017627000520020730000220025970000150028120181025123820.0 aB-710643 a9788174829030c425.00 aB-710643 bUpkar a658 aKoli, L.N. aUGC NET/JRF/SET:bmanagement paper II /cby L.N. Koli [and] Prem Koli aNew DelhibUpkar Prakashan a4845, Ansari Road, DaryaganjbNew Delhie110002 a703p.c24cm (pbk) aKoli, Prem